000 01335nam0a22003011 4500
001 rc\3591154
005 20130115142302.8
035 _a(NLR Aleph) 007702568
090 _a6762691
_c6762691
100 _a20130115d1972 |||y0rusy50 ca
101 0 _arus
102 _aRU
105 _aa z |||||
200 1 _aПособие по инструментальным топографическим съемкам для курсантов 1 и 2 курсов
_e(Полевые работы)
_f[Ред. полк. Приданцев Б.И.]
_gЛенингр. высш. воен.-топогр. командное училище. Кафедра фототопографии
210 _aЛенинград
_cБ. и.
_d1972
215 _a149 с., 1 л. схем.
_cил.
_d24
300 _aНа обороте тит. л. сост.: преподаватели Зубенко А.Г., Сучков В.С., Николаенков Н.Я., Терех Н.А.
320 _aБиблиогр.: с. 149
702 1 _aПриданцев
_bБ. И.
_4340
702 1 _aСучков
_bВ. С.
_4220
702 1 _aНиколаенков
_bН. Я.
_4220
702 1 _aТерех
_bН. А.
_4220
702 1 _aЗубенко
_bА. Г.
_4220
801 0 _aRU
_bNLR
_gpsbo
801 1 _aRU
_bELAR
_2rusmarc
852 _aNLR
_j73-50К/629
942 _cBOOK
980 _aNB